| 000 | 07126nam a22007097a 4500 | ||
|---|---|---|---|
| 005 | 20080612150527.0 | ||
| 008 | 080611t xxu||||| |||| 00| 0 eng d | ||
| 010 | _aB-262279-319 | ||
| 020 |
_a0755461819 _c95.00 |
||
| 035 | _aB-262279-319 | ||
| 040 |
_aDPL _bEN |
||
| 082 | _a398.4 | ||
| 100 | _a | ||
| 245 |
_aMyths and legends: _bGods Goddesses |
||
| 260 |
_bRobert Frederick _c2005 _aEngland |
||
| 270 |
_a4 North Parde Bath _bEngland |
||
| 300 |
_a45p.: _c29 cm (Hb) _bcol. ill. |
||
| 942 |
_cCH _h398.4 _2ddc _mMYT |
||
| 999 |
_c13572 _d13572 |
||